| 000 | 00850 a2200193 4500 | ||
|---|---|---|---|
| 020 | _a0709062494 | ||
| 020 | _a9780709062493 | ||
| 082 | 0 | 4 | _a658 |
| 090 |
_c2881 _d2881 |
||
| 100 | 1 | _aMcKibbin, Stuart. | |
| 245 | 1 | 2 |
_aA cynic's guide to management / _cStuart McKibbin. |
| 260 |
_a[S.l.] : _bRobert Hale, _c1998. |
||
| 300 |
_a160 p. ; _c18 cm. |
||
| 500 | _aHardcover. | ||
| 520 | _aStuart McKibbin has observed management in all its various guises when he worked as a management trainee after leaving the Army Intelligence Corps. His outlook is, as the title suggests, cynical, but his observations are often hilarious. | ||
| 856 | 4 | 0 |
_3Amazon.com _uhttp://www.amazon.com/exec/obidos/ASIN/0709062494/chopaconline-20 |
| 856 | 4 | 0 |
_3Amazon customer reviews _uhttp://www.chopac.org/cgi-bin/tools/azrev.pl?q=0709062494 |
| 942 |
_aNBS _cBK _k658.04 MCK |
||
| 999 |
_c345371 _d345371 |
||